000 00925cam a2200217 4500
001 WB3829-07
008 020808n2002 000 0 eng u
035 _a(Sirsi) u119251
245 _aCompanies will have to show impact on environment
260 _c2002
490 _aRICS Environment Faculty News
_v 7 August 2002 (1)
520 _aBritain's top companies will be obliged to furnish statements showing the impact that their activities have on the environment under new government proposals. The proposals are contained in the Department of Trade and Industry's "Modernising company law" White Paper issued on 16 July. The Paper can be viewed on the DTI website http://www.dti.gov.uk/companiesbill/
590 _aWB
650 _aCONSULTATION
650 _aDTI
650 _aCOMPANIES
650 _aENVIRONMENTAL IMPACT
650 _aCOMPANY LAW
690 _aENVIRONMENTAL AND LAND CONSULTANCY
942 _n0
999 _c70923
_d70923